000 00822nam a2200277Ia 4500
003 OSt
005 20220928124355.0
006 a|||||r|||| 00| 0
007 ta
008 220927b |||||||| |||| 00| 0 eng d
020 _c510
024 _a100326
037 _b436, 21/10/2009, Pioneer Book Distributors
_cTextual
040 _aSDCL
_cSDCL
_beng
041 _2eng
_aeng
082 _aB280bX:8, N8
100 _aLevin Richard I
_9464759
245 0 _aStatistics for management. Ed.7
250 _a7
260 _aDelhi
_bPearson Education
_c1998
300 _axvi,1026p
_ccm.
650 _aCommerce
_9353036
700 _a Rubin David S
_9464760
942 _hB280bX:8, N8
_cTEXL
_2CC
999 _c777642
_d777642